2002 by Anne Marie (All Lyrics) - Statistics

General Stats
  • This quiz has been taken 139 times
    45 since last reset
  • The average score is 330 of 404
Answer Stats
Answer % Correct
a
100%
I
100%
i
100%
remember
100%
always
96%
day
96%
of
96%
the
96%
will
96%
you
96%
2002
93%
an
93%
and
93%
it
93%
kissed
93%
lips
93%
my
93%
on
93%
we
93%
were
93%
we're
93%
when
93%
where
93%
as
89%
feather
89%
in
89%
just
89%
like
89%
love
89%
this
89%
went
89%
be
86%
go
86%
light
86%
no
86%
ooh
86%
our
86%
with
86%
hold
82%
if
82%
me
82%
say
82%
than
82%
to
82%
11
79%
acting
79%
all
79%
better
79%
for
79%
friends
79%
got
79%
singing
79%
take
79%
up
79%
are
75%
but
75%
bye
75%
childhood
75%
dancing
75%
grownups
75%
middle
75%
one
75%
only
75%
problems
75%
ride
75%
songs
75%
wanna
75%
at
71%
baby
71%
hood
71%
is
71%
it's
71%
more
71%
oops
71%
time
71%
was
71%
woods
71%
99
68%
ever
68%
from
68%
guess
68%
lungs
68%
present
68%
sang
68%
summer
68%
that
68%
top
68%
been
64%
forever
64%
hit
64%
never
64%
oh
64%
picture
64%
true
64%
well
64%
yeah
64%
young
64%
both
61%
cups
61%
days
61%
drinking
61%
each
61%
mustang
61%
old
61%
other
61%
paint
61%
plastic
61%
holding
57%
now
57%
fell
54%
back
50%
lovers
50%
need
50%
eighteen
46%
forward
46%
fast
43%
covers
39%
under
39%
i'm
32%
taken
25%
No matching quizzes found
Score Distribution
Percent of People with Each Score
Percentile by Number Answered
Your Score History
You have not taken this quiz since the last reset